| 000 | 00704cam a2200229 a 4500 | ||
|---|---|---|---|
| 001 | 000007891 | ||
| 005 | 20200929154334.0 | ||
| 008 | 831123s1983 sp a 000 1 spa | ||
| 020 | _a8423312402 | ||
| 040 |
_aDO-SdBNP _bspa _cLC _dBNPHU |
||
| 082 |
_a863.64 _bA773t |
||
| 100 | 1 |
_aArrabal, Fernando. _921673 |
|
| 245 | 1 | 3 |
_aLa torre herida por el rayo / _cFernando Arrabal. |
| 260 |
_aBarcelona : _bDestino, _c1983. |
||
| 300 |
_a249 p. : _bil. ; _c22 cm. |
||
| 490 | 1 |
_aÁncora y Delfín _v570 |
|
| 586 | _a"Premio Eugenio Nadal 1982". | ||
| 650 | 4 |
_aNovela española _91123 |
|
| 650 | 4 |
_aLiteratura española _9632 |
|
| 830 | 0 |
_aÁncora y Delfín ; _v570 _95000 |
|
| 910 | _aCatalogación por copia / LC | ||
| 999 |
_c7669 _d7669 |
||